000 00740nam a2200229 i 4500
001 86950
003 ES-MaACL
005 20250815050910.0
007 t|
008 041217s1974 sp ||||1| spa d
100 1 _aKonetzke, Richard.
_968550
245 1 0 _aAmérica Latina, II
_b: la época colonial /
_cRichard Konetzke ; [traductor, Pedro Scaron].
250 _a[3ª ed.].
260 _a[Madrid] :
_bSiglo XXI,
_c[1974]
300 _aVI, 400 p. :
_bil. ;
_c18 cm.
490 1 _aHistoria universal. Siglo XXI ;
_v22
651 _aAmérica Latina-
_xHistoria.
_97747
700 1 _aScarón, Pedro.
_9104150
830 0 0 _aHistoria universal (Siglo XXI)
_v22
_9181446
852 _aES-MaACL
_jE-7176
_bR.91328
999 _c86950
_d86950